| 000 | 01367nac a22003251i 4500 | ||
|---|---|---|---|
| 003 | EG-ScBUE | ||
| 005 | 20251207102244.0 | ||
| 008 | 250817t2008 flua f b 001 0 eng d | ||
| 020 | _a9780849398131 (hardcover : acid-free paper) | ||
| 020 | _a0849398134 (hardcover : acid-free paper) | ||
| 040 |
_aEG-ScBUE _beng _erda _cEG-ScBUE _dEG-ScBUE |
||
| 082 | 0 | 4 |
_a547.7 _bCOW _222 |
| 100 | 1 |
_aCowie, J. M. G. _q(John McKenzie Grant), _eauthor. |
|
| 245 | 1 | 0 |
_aPolymers : _bchemistry and physics of modern materials / _cJ. M. G. Cowie, Heriot-Watt University, Scotland, UK, Valeria Arrighi, Heriot-Watt University, Scotland, UK. |
| 250 | _aThird edition. | ||
| 264 | 1 |
_aBoca Raton, Florida : _bCRC Press/Taylor & Francis Group, _c[2008] |
|
| 264 | 4 | _cc2008 | |
| 300 |
_a499 pages : _billustrations ; _c28 cm |
||
| 336 |
_2rdacontent _atext _btxt |
||
| 337 |
_aunmediated _2rdamedia _bn |
||
| 338 |
_avolume _bnc _2rdacarrier |
||
| 504 | _aIncludes bibliographical references and index. | ||
| 650 | 7 |
_aPolymers _vTextbooks. _2BUEsh |
|
| 650 | 7 |
_aPolymerization _vTextbooks. _2BUEsh |
|
| 655 | _vReading book | ||
| 700 | 1 |
_aArrighi, V. _q(Valeria), _eauthor. |
|
| 856 | 4 | 1 |
_3Table of contents only _uhttp://www.loc.gov/catdir/toc/ecip0710/2007005187.html |
| 856 | 4 | 1 |
_3Publisher description _uhttp://www.loc.gov/catdir/enhancements/fy0710/2007005187-d.html |
| 942 |
_cBB _2ddc |
||
| 999 |
_c7936 _d7936 |
||